Podnety pre vzdelávanie ekonómov z oblasti psychologických vied
Informácie o tých psychologických prístupoch a disciplínách, ktoré sú dôležité pre uplatnenie v ekonomickej teórii a praxi. Súčasný stav v psychologických vedách. Behaviorálna ekonómia. Diskusia a aplikácia.
Gespeichert in:
| 1. Verfasser: | |
|---|---|
| Format: | Buchkapitel |
| Sprache: | Slowakisch |
| Schlagworte: | |
| Tags: |
Keine Tags, Fügen Sie das erste Tag hinzu!
|
MARC
| LEADER | 00000naa$a2200000$$$4500 | ||
|---|---|---|---|
| 001 | 0125146 | ||
| 005 | 20240502083317.2 | ||
| 041 | 0 | |a slo | |
| 044 | |a CZ | ||
| 245 | 1 | 0 | |a Podnety pre vzdelávanie ekonómov z oblasti psychologických vied |c Zdenka Macková |
| 520 | |a Informácie o tých psychologických prístupoch a disciplínách, ktoré sú dôležité pre uplatnenie v ekonomickej teórii a praxi. Súčasný stav v psychologických vedách. Behaviorálna ekonómia. Diskusia a aplikácia. | ||
| 610 | 2 | 0 | |a vzdelávanie |
| 610 | 2 | 0 | |a ekonómovia |
| 610 | 2 | 0 | |a psychológia |
| 610 | 2 | 0 | |a behaviorizmus |
| 100 | 1 | |a Macková, Zdenka | |